LIBRARY & INFORMATION CENTRE, KCAET, TAVANUR

ONLINE PUBLIC ACCESS CATALOGUE (OPAC)

Text book of mechanics / (Record no. 7510)

MARC details
000 -LEADER
fixed length control field 00461cam a2200193ua 4500
041 ## - LANGUAGE CODE
Language code of text/sound track or separate title eng
082 ## - DEWEY DECIMAL CLASSIFICATION NUMBER
Classification number 531
Item number BHA/TE
100 ## - MAIN ENTRY--AUTHOR NAME
Personal name Sharma, G.S .
245 ## - TITLE STATEMENT
Title Text book of mechanics /
250 ## - EDITION STATEMENT
Edition statement 5 /
260 ## - PUBLICATION, DISTRIBUTION, ETC. (IMPRINT)
Place of publication Agra :
Name of publisher Ratan Prakashan Mandir ,
Year of publication 1985.
300 ## - PHYSICAL DESCRIPTION
Number of Pages 636 ; .
700 1# - ADDED ENTRY--PERSONAL NAME
Personal name Bhargava, D.N .
942 ## - ADDED ENTRY ELEMENTS (KOHA)
Koha item type Books
Holdings
Withdrawn status Lost status Damaged status Home library Current library Date acquired Full call number Accession Number Koha item type
      KAUAET KAUAET 19/08/1986 531 SHA/TE 15363 Books
free website counter